000 00530nam a22001937a 4500
003 OSt
005 20140310181804.0
008 130704t xxu||||| |||| 00| 0 eng d
020 _a0192800418
050 _aQA 5
_b.C588 1996
082 _aREF 510.3
_bC53 1996
100 _aClapham, Christopher.
245 _aOxford concise dictionary of mathematics /
_cChristopher Clapham.
250 _aNew ed.
260 _aOxford :
_bOxford University Press,
_cc1996.
300 _a312 p. :
_c20 cm.
942 _2lcc
_cBK
999 _c3733
_d3733